Manual de anestesiología / (Record no. 104642)

MARC details
000 -LEADER
campo de control de longitud fija 00714nam a2200217 i 4500
001 - NÚMERO DE CONTROL
campo de control 104642
003 - IDENTIFICADOR DE NÚMERO DE CONTROL
campo de control ES-MaACL
005 - FECHA Y HORA DE LA ÚLTIMA TRANSACCIÓN
campo de control 20230906183644.0
007 - CAMPO FIJO DE DESCRIPCIÓN FÍSICA--INFORMACIÓN GENERAL
campo de control de longitud fija t|
008 - DATOS DE LONGITUD FIJA--INFORMACIÓN GENERAL
campo de control de longitud fija 051207s1951 sp ||||1| spa d
100 1# - ENTRADA PRINCIPAL--NOMBRE DE PERSONA
Nombre de persona Minnitt, Robert James.
9 (RLIN) 81371
245 10 - MENCIÓN DEL TÍTULO
Título Manual de anestesiología /
Mención de responsabilidad, etc. R.J. Minnitt, J. Gillies; prólogo por Sir Hames R. Learmonth ; versión española del Dr. D. Sánchez Brezmes.
250 ## - MENCION DE EDICION
Mención de edición 1ª ed.
260 ## - PUBLICACIÓN, DISTRIBUCIÓN, ETC.
Lugar de publicación, distribución, etc. Madrid :
Nombre del editor, distribuidor, etc. Morata,
Fecha de publicación, distribución, etc. 1951.
300 ## - DESCRIPCIÓN FÍSICA
Extensión 543 p. :
Otras características físicas il. ;
Dimensiones 22 cm.
650 04 - PUNTO DE ACCESO ADICIONAL DE MATERIA--TÉRMINO DE MATERIA
Término de materia o nombre geográfico como elemento de entrada Anestesiología.
9 (RLIN) 172226
700 1# - ENTRADA AGREGADA--NOMBRE PERSONAL
Nombre de persona Gillies, John.
9 (RLIN) 56977
700 1# - ENTRADA AGREGADA--NOMBRE PERSONAL
Nombre de persona Learmonth, James R.
9 (RLIN) 70986
700 1# - ENTRADA AGREGADA--NOMBRE PERSONAL
Nombre de persona Sánchez Brezmez, Dalmacio.
9 (RLIN) 172225
852 ## - LOCALIZACIÓN
Ubicación ES-MaACL
Número de control de estantería D-5867
Holdings
Estatus retirado Estado de pérdida Estado de daño No para préstamo Biblioteca de origen Biblioteca actual Ubicación en estantería Fecha de adquisición Fuente de adquisición Total de préstamos Signatura topográfica completa Código de barras Visto por última vez Precio de reemplazo Tipo de ítem Koha
        Biblioteca del Ateneo de Madrid Biblioteca del Ateneo de Madrid Sala Valle Inclán 17/01/2008     D-5867 901109251 23/02/2023 23/02/2023 Libro impreso